Statistics for Adelaide Quiz

Click here to take the quiz!

General Stats

  • This quiz has been taken 228 times
  • The average score is 7 of 15

Answer Stats

HintAnswer% Correct
Adelaides 2 AFL teams?Port Adelaide Football Club
89%
Adelaide Football Club
86%
Which river flows through Adelaide?River Torrens
83%
Oldest University?University of Adelaide
63%
Former whaling town, and popular holiday destination located south of AdelaideVictor Harbor
59%
When was Adelaide founded?1836
56%
Wine regions around Adelaide?Barossa Valley
56%
McLaren Vale and Langhorne Creek
52%
Which chimney shows you who is the SANFL Premier and Runner-up?West End Brewery
41%
Adelaide's version of Starbucks?Cibo Espresso
29%
Adelaide Hills
27%
Clare Valley
25%
Where are Australia's Collins class submarines built?Osborne
13%
Adelaide is named after a queen consort to which King?King William IV
5%
Eden Valley
2%

Score Distribution

Percentile by Number Answered

Percent of People with Each Score

Your Score History

You have not taken this quiz